| 000 | 00494nam a2200145 a 4500 | ||
|---|---|---|---|
| 008 | 120416s1974 ||||||||||||||||| || u | ||
| 020 | _a0879094656 | ||
| 050 | _aTJ 1160 Pat | ||
| 100 | _aPatton, William | ||
| 245 | 1 | 0 | _aMachine tool operations |
| 260 |
_aReston _bReston Publishing Co _c1974 |
||
| 300 | _ax, 502p. : ill. | ||
| 350 | _a0.00 | ||
| 995 |
_D0.00 _FCBU-MAIN LIBRARY (Kitwe) _H1 _I12.35 _ULOST _ZMain Library Open Access Collection |
||
| 999 |
_c49586 _d49586 |
||